Name the Trappist beers Quiz Stats

Quiz not verified by Sporcle

The 11 official Trappist beers (anno 2016). Can you name them all? photo trappist beers_zpsxurom5lu.jpg
Score 0/11 Timer 02:00
0 Plays Today
Country Beer % Correct
BelgiumChimay
92.3%
BelgiumOrval
84.6%
NetherlandsLa Trappe
69.2%
BelgiumWestmalle
69.2%
BelgiumAchel
61.5%
BelgiumRochefort
61.5%
BelgiumWestvleteren
53.8%
NetherlandsZundert
46.2%
ItalyTre Fontane
38.5%
USASpencer
30.8%
AustriaEngelszell
23.1%

You're not logged in!

Compare scores with friends on all Sporcle quizzes.
Sign Up with Email
OR
Log In

You Might Also Like...

Show Comments

Extras

Top Quizzes Today


Score Distribution

Your Account Isn't Verified!

In order to create a playlist on Sporcle, you need to verify the email address you used during registration. Go to your Sporcle Settings to finish the process.

Report this User

Report this user for behavior that violates our Community Guidelines.

Details: